Kluby w Ekstraklasie 23/24 - Statystyki

Ogólne statystyki
  • Ten quiz został rozwiązany 513 razy
    22 od ostatniego zresetowania
  • Średni wynik to 15 z 18
Statystyki odpowiedzi
Miejsce
Na koniec sezonu
Odpowiedź % Poprawnych
5. Lech Poznań
95%
3. Legia Warszawa
95%
4. Pogoń Szczecin
95%
1. Jagiellonia Białystok
91%
2. Śląsk Wrocław
91%
13. Cracovia
86%
6. Górnik Zabrze
86%
17. Ruch Chorzów
86%
9. Widzew Łódź
86%
8. Zagłębie Lubin
86%
7.
Raków Chęstohowa
82%
18. ŁKS Łódź
82%
10. Piast Gliwice
82%
16. Warta Poznań
82%
14. Korona Kielce
77%
12. Puszcza Niepołomice
77%
15. Radomiak Radom
77%
11. Stal Mielec
73%
Nie znaleziono quizów pasujących do podanych kryteriów
Rozkład punktacji
Procent ludzi z każdym wynikiem
Percentyl według liczby udzielonych odpowiedzi
Twoja historia wyników
Nie rozwiązałeś tego quizu od ostatniego zresetowania